Fiber-Optic Communication Systems (Record no. 23977)

000 -LEADER
fixed length control field 00180nam a22000617a 4500
003 - CONTROL NUMBER IDENTIFIER
control field Nust
005 - DATE AND TIME OF LATEST TRANSACTION
control field 20170410165942.0
008 - FIXED-LENGTH DATA ELEMENTS--GENERAL INFORMATION
fixed length control field 140429b xxu||||| |||| 00| 0 eng d
020 ## - INTERNATIONAL STANDARD BOOK NUMBER
International Standard Book Number 9814126608
040 ## - CATALOGING SOURCE
Original cataloging agency DLC
Language of cataloging DLC
Transcribing agency RCMS
050 ## - LIBRARY OF CONGRESS CALL NUMBER
Classification number 621.3827 AGR
082 ## - DEWEY DECIMAL CLASSIFICATION NUMBER
Classification number 621.3827 AGR
100 ## - MAIN ENTRY--PERSONAL NAME
Personal name GONND P. AGRAWAL
245 ## - TITLE STATEMENT
Title Fiber-Optic Communication Systems
250 ## - EDITION STATEMENT
Edition statement 3rd, ed.
260 ## - PUBLICATION, DISTRIBUTION, ETC.
Place of publication, distribution, etc. New York
Name of publisher, distributor, etc. John Wiley & Sons
Date of publication, distribution, etc. c2002
300 ## - PHYSICAL DESCRIPTION
Extent xvii,546,p:
Other physical details ill:
Dimensions 26,cm.
538 ## - SYSTEM DETAILS NOTE
Display text Shelf # 15, Row # 2, Communication.
650 ## - SUBJECT ADDED ENTRY--TOPICAL TERM
Topical term or geographic name entry element Microwave and Optical Engineering
856 ## - ELECTRONIC LOCATION AND ACCESS
Materials specified Table of Content Only
942 ## - ADDED ENTRY ELEMENTS (KOHA)
Source of classification or shelving scheme
Koha item type Book
Call number prefix 621.3827 AGR
Holdings
Withdrawn status Lost status Source of classification or shelving scheme Damaged status Not for loan Permanent Location Current Location Shelving location Date acquired Full call number Barcode Date last seen Price effective from Koha item type
          NUST Baluchistan Campus (NBC) NUST Baluchistan Campus (NBC) General Stacks 04/29/2014 621.38275AGR RCMS000406 04/29/2014 04/29/2014 Book
© 2023 Central Library, National University of Sciences and Technology. All Rights Reserved.